00269cam a2200121ua 45000010005000000080039000050400009000440410012000530820016000651000024000812450022001056530020001272577131127n II |||gr||||Z||||||asm aMAIN aEnglish a891.451 DEK aDEKA , MAHES KUMAR. aSWAHID SURUROWANI aAsomiya Sahitya